[Event "Sveins 5. minneturnering"]
[Site "Oslo"]
[Date "2012.06.22"]
[Round "9"]
[White "Christiansen, Johan-Sebastian"]
[Black "De Seroux, Camille"]
[Result "1-0"]
[WhiteElo "1995"]
[BlackElo "2128"]
[PlyCount "131"]
[EventDate "2012.??.??"]

1. c4 Nf6 2. Nc3 g6 3. g3 Bg7 4. Bg2 O-O 5. e4 d6 6. Nge2 c5 7. O-O Nc6 8. d3
a6 9. h3 Rb8 10. Be3 b5 11. cxb5 axb5 12. d4 Nd7 13. Rc1 Qa5 14. a3 b4 15. axb4
Rxb4 16. dxc5 Nxc5 17. Nd5 Rxb2 18. Ra1 Qd8 19. Nd4 Bb7 20. Nxc6 Bxc6 21. Ra7
Rb7 22. Rxb7 Bxb7 23. Qc2 e6 24. Nf4 Qe7 25. Rc1 Rc8 26. Qb1 Qd7 27. Qb4 Qe7
28. Qb6 Rc6 29. Qb5 Rc7 30. Qb6 Rc8 31. e5 Bxg2 32. exd6 Qd7 33. Nxg2 Ne4 34.
Rc7 Rxc7 35. dxc7 Qc8 36. f3 Be5 37. fxe4 Bxc7 38. Qc5 Qb8 39. Bf4 Bxf4 40.
gxf4 Qb1+ 41. Kh2 Qxe4 42. Qb5 Qf3 43. Qb8+ Kg7 44. Qe5+ Kg8 45. Qe3 Qh5 46.
Qb3 Kg7 47. Qc3+ Kf8 48. Kg3 Ke7 49. Ne3 Qe2 50. Ng4 Qf1 51. Qc5+ Kd8 52. Qf8+
Kc7 53. Qxf7+ Kd6 54. Qf8+ Kc7 55. Qe7+ Kb8 56. Qxe6 h5 57. Qb3+ Ka7 58. Qe3+
Kb8 59. Ne5 Qb5 60. Qb6+ Qxb6 61. Nd7+ Kc7 62. Nxb6 Kxb6 63. Kh4 Kc6 64. Kg5
Kd7 65. Kxg6 Ke7 66. Kxh5 1-0

[Event "Sveins 5. minneturnering"]
[Site "Oslo"]
[Date "2012.06.22"]
[Round "9"]
[White "Mihajlov, Svetoslav"]
[Black "Langmyhr, Tore"]
[Result "0-1"]
[WhiteElo "2092"]
[BlackElo "1905"]
[PlyCount "66"]
[EventDate "2012.??.??"]

1. e4 d5 2. exd5 Nf6 3. d4 Nxd5 4. c4 Nb6 5. Nf3 Bg4 6. c5 N6d7 7. Qb3 Nc6 8.
Ng5 e6 9. Qa4 Be7 10. Ne4 O-O 11. Bb5 f5 12. f3 fxe4 13. fxg4 e5 14. Bxc6 bxc6
15. Be3 Kh8 16. Nd2 exd4 17. Bxd4 Nxc5 18. Bxc5 Bxc5 19. O-O-O e3 20. Nf3 Qe7
21. Qc4 e2 22. Rde1 Rfe8 23. Ng1 Bxg1 24. Rhxg1 Qe3+ 25. Kb1 Rab8 26. Rc1 h6
27. Rge1 Rbd8 28. a3 Rd2 29. Qxc6 Qd3+ 30. Ka1 Rb8 31. Qc3 Qd5 32. Rb1 Rb3 33.
Qg3 Rxg3 0-1

[Event "Sveins 5. minneturnering"]
[Site "Oslo"]
[Date "2012.06.22"]
[Round "9"]
[White "Kjøita, Henning"]
[Black "Mihajlov, Sebastian"]
[Result "1/2-1/2"]
[WhiteElo "1970"]
[BlackElo "2064"]
[PlyCount "30"]
[EventDate "2012.??.??"]

1. e4 e5 2. Nf3 Nc6 3. d4 exd4 4. Nxd4 Nf6 5. Nc3 Bb4 6. Nxc6 bxc6 7. Bd3 O-O
8. O-O d5 9. exd5 cxd5 10. Bg5 c6 11. Qf3 h6 12. Bxf6 Qxf6 13. Qxf6 gxf6 14.
Ne2 Bd6 15. c4 Be5 1/2-1/2

[Event "Sveins 5. minneturnering"]
[Site "Oslo"]
[Date "2012.06.22"]
[Round "9"]
[White "Kjølberg, Jens Hjorth"]
[Black "Lund, Terje"]
[Result "1/2-1/2"]
[WhiteElo "1982"]
[BlackElo "2053"]
[PlyCount "167"]
[EventDate "2012.??.??"]

1. e4 Nf6 2. e5 Nd5 3. c4 Nb6 4. d4 d6 5. exd6 exd6 6. Nc3 Be7 7. Bd3 Nc6 8.
Nge2 O-O 9. O-O Bf6 10. Be3 Nb4 11. b3 Nxd3 12. Qxd3 Re8 13. Rac1 c6 14. Ng3 d5
15. c5 Nd7 16. Nf5 Nf8 17. Nd6 Re7 18. Ne2 g6 19. Ng3 Bg7 20. b4 Ne6 21. Rb1
Rd7 22. b5 Qh4 23. Ne2 f5 24. g3 Qd8 25. Rfe1 Bf8 26. Nxc8 Rxc8 27. Nf4 Ng5 28.
Kg2 Re7 29. h4 Ne4 30. f3 Nf6 31. Bf2 Rxe1 32. Rxe1 Qd7 33. bxc6 bxc6 34. Qa6
Ne8 35. Rb1 Bh6 36. Nd3 Bg7 37. Rb7 Rc7 38. Rxc7 Nxc7 39. Qxa7 Qc8 40. Qa4 Ne6
41. Qb4 Qa6 42. Nc1 h5 43. f4 Kf7 44. a4 Bf6 45. Be3 Bd8 46. Bd2 Bc7 47. Bc3
Nd8 48. Qb3 Nb7 49. Kf2 Nd8 50. Bb2 Ne6 51. Nd3 Qa5 52. Bc3 Qa6 53. Ke3 Nf8 54.
Bb4 Nh7 55. Be1 Nf6 56. Kf3 Ne4 57. Qc2 Kf6 58. Bb4 Ke6 59. Kg2 Kf6 60. Nf2 Ba5
61. Nxe4+ fxe4 62. Bxa5 Qxa5 63. Kf2 Qb4 64. Qd1 Qb2+ 65. Ke1 e3 66. Qd3 Qf2+
67. Kd1 Qxg3 68. a5 Qf3+ 69. Ke1 Qf2+ 70. Kd1 e2+ 71. Qxe2 Qxd4+ 72. Ke1 Qa1+
73. Kf2 Qxa5 74. Qe5+ Kf7 75. Qd6 Qd2+ 76. Kf1 Qd3+ 77. Kf2 Qd4+ 78. Kf1 Qf6
79. Qd7+ Kg8 80. Qc8+ Kg7 81. Qd7+ Kh6 82. Qd6 Qxh4 83. Qf8+ Kh7 84. Qf7+
1/2-1/2

[Event "Sveins 5. minneturnering"]
[Site "Oslo"]
[Date "2012.06.22"]
[Round "9"]
[White "Diaz, Linda"]
[Black "Hoem, Tor Wetle"]
[Result "0-1"]
[WhiteElo "2007"]
[BlackElo "2032"]
[PlyCount "62"]
[EventDate "2012.??.??"]

1. d4 Nf6 2. Nc3 d5 3. Bg5 c5 4. dxc5 d4 5. Bxf6 exf6 6. Ne4 Qd5 7. Nd6+ Bxd6
8. cxd6 Qxd6 9. Qd2 Nc6 10. Nf3 Bg4 11. a3 O-O 12. h3 Bxf3 13. gxf3 Rfe8 14.
O-O-O b5 15. e3 Qd5 16. Kb1 Rab8 17. Rg1 b4 18. b3 bxa3 19. Ka2 Nb4+ 20. Ka1
Rec8 21. Bd3 Qc5 22. Rc1 dxe3 23. fxe3 Qe5+ 24. c3 Nxd3 25. Qxd3 Rxb3 26. f4
Qa5 27. Qd7 Rcb8 28. Rg2 Qb6 29. Qd3 Rb2 30. Rd2 Rxd2 31. Qxd2 Qb2+ 0-1

[Event "Sveins 5. minneturnering"]
[Site "Oslo"]
[Date "2012.06.22"]
[Round "9"]
[White "Johansen, Stian"]
[Black "Hansen, Erle Andrea Marki"]
[Result "1-0"]
[WhiteElo "1997"]
[BlackElo "1853"]
[PlyCount "43"]
[EventDate "2012.??.??"]

1. d4 Nf6 2. c4 g6 3. Nc3 Bg7 4. e4 O-O 5. f4 d6 6. Nf3 a6 7. Be2 Nbd7 8. O-O
c5 9. d5 b5 10. cxb5 Qa5 11. a4 axb5 12. Bxb5 Ba6 13. e5 Bxb5 14. exf6 Bxf1 15.
fxg7 Kxg7 16. Qxf1 Rfb8 17. Qe2 Re8 18. Bd2 Qb6 19. Ne4 Qb7 20. Bc3+ Kg8 21.
Rd1 Rxa4 22. Nxd6 1-0

[Event "Sveins 5. minneturnering"]
[Site "Oslo"]
[Date "2012.06.22"]
[Round "9"]
[White "Sætre, Mathias"]
[Black "Schjelderup, Nils-Jakob"]
[Result "1/2-1/2"]
[WhiteElo "1695"]
[BlackElo "1930"]
[PlyCount "58"]
[EventDate "2012.??.??"]

1. e4 c5 2. Nc3 Nc6 3. g3 g6 4. Bg2 Bg7 5. d3 d6 6. Be3 e6 7. Qd2 Rb8 8. f4
Nge7 9. Nf3 Nd4 10. Nd1 O-O 11. c3 Nxf3+ 12. Bxf3 Qc7 13. g4 f5 14. exf5 exf5
15. g5 Be6 16. Qg2 b5 17. h4 Bd7 18. h5 Bc6 19. hxg6 hxg6 20. Nf2 Bxf3 21. Qxf3
Qc6 22. Ke2 Rfe8 23. Qxc6 Nxc6 24. Rac1 Re7 25. Kf3 Rbe8 26. Rhe1 Kf7 27. Bd2
Rxe1 28. Rxe1 Rxe1 29. Bxe1 Ke6 1/2-1/2

[Event "Sveins 5. minneturnering"]
[Site "Oslo"]
[Date "2012.06.22"]
[Round "9"]
[White "Bue, Gunnar"]
[Black "Kjøita, Torgeir"]
[Result "0-1"]
[WhiteElo "1693"]
[BlackElo "1880"]
[PlyCount "54"]
[EventDate "2012.??.??"]

1. d4 Nf6 2. c4 c5 3. Nf3 g6 4. e3 cxd4 5. exd4 d5 6. b3 Bg7 7. Bb2 O-O 8. Be2
Nc6 9. O-O Bg4 10. h3 Bf5 11. Nc3 e6 12. Nh4 Ne4 13. Nxf5 Nxc3 14. Bxc3 exf5
15. cxd5 Qxd5 16. Bf3 Qd6 17. Bxc6 bxc6 18. Qc2 c5 19. a3 Rfc8 20. Qb2 cxd4 21.
Bb4 Qd5 22. Rad1 a5 23. Bd2 d3 24. Qb1 Rc2 25. b4 a4 26. Be3 Rac8 27. Bc5 Qc4
0-1

[Event "Sveins 5. minneturnering"]
[Site "Oslo"]
[Date "2012.06.22"]
[Round "9"]
[White "Jørgensen, Line Jin"]
[Black "Olsen, Ulrik"]
[Result "1/2-1/2"]
[WhiteElo "1876"]
[BlackElo "1718"]
[PlyCount "80"]
[EventDate "2012.??.??"]

1. d4 Nf6 2. Nf3 g6 3. c4 Bg7 4. Nc3 d5 5. cxd5 Nxd5 6. e4 Nxc3 7. bxc3 O-O 8.
Be2 c5 9. O-O Bg4 10. e5 Nc6 11. Be3 Qa5 12. Qb3 Rad8 13. Qxb7 Bxf3 14. Bxf3
cxd4 15. Bxd4 Nxd4 16. cxd4 Rxd4 17. Qxe7 Bxe5 18. Rab1 Bg7 19. Rb7 Qxa2 20.
Rxa7 Qc4 21. Rc7 Qb4 22. Qxb4 Rxb4 23. Bd5 Bd4 24. h3 Rb2 25. g4 Rd2 26. Rd7
Bc3 27. Kg2 Kg7 28. Kg3 g5 29. f4 Rd3+ 30. Kg2 h6 31. fxg5 hxg5 32. Rfxf7+ Rxf7
33. Rxf7+ Kg6 34. Rf5 Kh6 35. Bf3 Rd7 36. Bd5 Bd2 37. Kf3 Re7 38. Be4 Kg7 39.
Ke2 Bf4 40. Kd3 Re5 1/2-1/2

[Event "Sveins 5. minneturnering"]
[Site "Oslo"]
[Date "2012.06.22"]
[Round "9"]
[White "Sætre, Roger"]
[Black "Edakina, Maria"]
[Result "0-1"]
[WhiteElo "1865"]
[BlackElo "1628"]
[PlyCount "92"]
[EventDate "2012.??.??"]

1. e4 e5 2. d4 exd4 3. Nf3 Nc6 4. Bc4 d6 5. Nxd4 Nxd4 6. Qxd4 Qf6 7. Qc3 Bd7 8.
O-O g6 9. f4 Qxc3 10. Nxc3 Ne7 11. Bd2 Bg7 12. Rae1 Be6 13. Bd3 O-O-O 14. f5
Bd4+ 15. Kh1 Bd7 16. g4 Nc6 17. Nd1 Ne5 18. h3 h5 19. g5 Nxd3 20. cxd3 gxf5 21.
exf5 Rde8 22. Be3 Bc6+ 23. Kg1 Be5 24. Nc3 Bg3 25. Bf2 h4 26. Ne4 Bxf2+ 27.
Kxf2 Re5 28. Ke3 d5 29. Kd4 Rhe8 30. g6 fxg6 31. f6 dxe4 32. f7 Rd5+ 33. Kc4
Rf8 34. Rxe4 Rf5 35. Rxf5 gxf5 36. Rxh4 Rxf7 37. Rf4 Kd7 38. d4 Ke6 39. b4 Bd5+
40. Kc5 a6 41. b5 axb5 42. a3 Bc6 43. Rf2 Be4 44. h4 f4 45. d5+ Kf5 46. Kd4 Rd7
0-1

[Event "Sveins 5. minneturnering"]
[Site "Oslo"]
[Date "2012.06.22"]
[Round "9"]
[White "Arntsen, Frode"]
[Black "Jacobsen, Trond"]
[Result "1-0"]
[WhiteElo "1815"]
[BlackElo "1610"]
[PlyCount "121"]
[EventDate "2012.??.??"]

1. c4 c5 2. Nc3 Nc6 3. g3 g6 4. Bg2 Bg7 5. Nf3 Nf6 6. O-O O-O 7. d4 cxd4 8.
Nxd4 Nxd4 9. Qxd4 a6 10. Rb1 d6 11. Qd3 Rb8 12. e4 Be6 13. b3 Qc8 14. Re1 Ng4
15. Nd5 Bxd5 16. exd5 Qc5 17. Re2 Bd4 18. Qc2 f5 19. Bb2 Bxb2 20. Qxb2 Ne5 21.
Qd2 Rf7 22. Kh1 Rbf8 23. f4 Ng4 24. Rbe1 Re8 25. Bf3 Nf6 26. Kg2 Nd7 27. Re6
Nf8 28. R6e3 Nd7 29. R1e2 Nf8 30. Qe1 Qc7 31. h3 Qd8 32. Qc3 Qc7 33. b4 Rc8 34.
Rc2 Nd7 35. Qe1 Re8 36. h4 h5 37. Bd1 b6 38. Rec3 Rf6 39. Re2 Rf7 40. Bb3 Nf6
41. Bc2 Nxd5 42. cxd5 Qb7 43. Bb3 e6 44. Kh2 e5 45. fxe5 Rfe7 46. Rce3 Kg7 47.
exd6 Rxe3 48. Rxe3 Rxe3 49. Qxe3 b5 50. Qe7+ Qxe7 51. dxe7 Kf7 52. d6+ Ke8 53.
Bd5 Kd7 54. Bf7 f4 55. gxf4 g5 56. hxg5 a5 57. e8=Q+ Kxd6 58. Qe5+ Kc6 59. Bd5+
Kb6 60. Qd6+ Ka7 61. Qd7+ 1-0

[Event "Sveins 5. minneturnering"]
[Site "Oslo"]
[Date "2012.06.22"]
[Round "9"]
[White "Roholdt, Njaal"]
[Black "Rødsmoen, Maud"]
[Result "1/2-1/2"]
[WhiteElo "1756"]
[BlackElo "1778"]
[PlyCount "133"]
[EventDate "2012.??.??"]

1. e4 c6 2. d4 d5 3. exd5 cxd5 4. Nf3 Nf6 5. c4 Nc6 6. c5 Bf5 7. Bd3 Bxd3 8.
Qxd3 e6 9. O-O Be7 10. Bg5 O-O 11. Nc3 Rc8 12. a3 h6 13. Bf4 Nh5 14. Be3 Na5
15. Nd2 Qc7 16. Ne2 Rfd8 17. b4 Nc6 18. Nf3 e5 19. dxe5 Nxe5 20. Nxe5 Qxe5 21.
Bd4 Qg5 22. f4 Qg4 23. f5 Bf6 24. Bxf6 Nxf6 25. Rf4 Qh5 26. Ng3 Qg5 27. Raf1
Nh5 28. Nxh5 Qxh5 29. f6 g6 30. Qd4 Qe2 31. R1f2 Qe6 32. Qd2 Re8 33. Qb2 Qe1+
34. Rf1 Qe3+ 35. R1f2 Qd3 36. Qc1 Re3 37. Rd2 Qxa3 38. Qxa3 Rxa3 39. Rxd5 Ra2
40. Rfd4 Ra6 41. Rd6 Rac6 42. Kf2 b6 43. Rxc6 Rxc6 44. cxb6 axb6 45. Rf4 Kh7
46. Ke3 g5 47. Rf5 Kg6 48. g4 Rxf6 49. Rb5 h5 50. gxh5+ Kxh5 51. Rd5 Rf4 52. b5
Rf6 53. Rd7 Rf5 54. Rb7 Rxb5 55. Rxf7 Kg4 56. Rg7 Rb2 57. h3+ Kh4 58. Rg6 b5
59. Rh6+ Kg3 60. Rg6 Rb3+ 61. Ke4 Kxh3 62. Rxg5 Rb1 63. Kd4 b4 64. Rb5 b3 65.
Kc3 b2 66. Rxb2 Rxb2 67. Kxb2 1/2-1/2

[Event "Sveins 5. minneturnering"]
[Site "Oslo"]
[Date "2012.06.22"]
[Round "9"]
[White "Amarapala, Sherington"]
[Black "Machlik, Jon"]
[Result "0-1"]
[WhiteElo "1732"]
[BlackElo "1701"]
[PlyCount "46"]
[EventDate "2012.??.??"]

1. e4 e5 2. Nf3 Nc6 3. d4 exd4 4. Nxd4 Bc5 5. Be3 Qf6 6. c3 d6 7. Bb5 Nge7 8.
O-O O-O 9. Nxc6 bxc6 10. Bxc5 cxb5 11. Bd4 Qg6 12. Nd2 Nc6 13. Be3 Ne5 14. f4
Bg4 15. Qc2 Bh3 16. Nf3 Nc4 17. Rfe1 Rfe8 18. b3 Bg4 19. f5 Nxe3 20. Rxe3 Qh6
21. Rae1 Bxf5 22. Nd4 Bd7 23. Rh3 Bxh3 0-1

[Event "Sveins 5. minneturnering"]
[Site "Oslo"]
[Date "2012.06.22"]
[Round "9"]
[White "Eriksen, Dag"]
[Black "MacArthur, John"]
[Result "0-1"]
[WhiteElo "1656"]
[BlackElo "2035"]
[PlyCount "90"]
[EventDate "2012.??.??"]

1. e4 c5 2. Nc3 Nc6 3. g3 g6 4. Bg2 Bg7 5. Nge2 d6 6. O-O e5 7. Nd5 Nge7 8. Ne3
O-O 9. d3 Be6 10. f4 Qd7 11. Nc3 Rad8 12. Ncd5 f5 13. c3 b6 14. exf5 Nxf5 15.
Nxf5 Bxf5 16. Ne3 Bh3 17. Bd5+ Kh8 18. Ng2 Ne7 19. Bb3 b5 20. Bd2 c4 21. Bc2
Qc6 22. Qf3 Qxf3 23. Rxf3 d5 24. Rf2 d4 25. cxd4 exd4 26. Bb4 Rfe8 27. Ba5 Rc8
28. Re1 Nc6 29. Bd2 c3 30. bxc3 dxc3 31. Be3 Nd4 32. Kh1 Bf5 33. Bxd4 Bxd4 34.
Rfe2 Bd7 35. Re7 Bc6 36. R1e6 Rxe7 37. Rxe7 Re8 38. Rxe8+ Bxe8 39. h3 Bc6 40.
Kh2 Bd5 41. a3 a5 42. f5 b4 43. axb4 axb4 44. fxg6 b3 45. Bxb3 Bxb3 0-1